| 000 | 01086cam a22002891 4500 | ||
|---|---|---|---|
| 001 | gs 54000351 | ||
| 003 | DLC | ||
| 005 | 20260227111402.0 | ||
| 008 | 891016s1954 sw ab b 000 0 eng c | ||
| 010 | _ags 54000351 | ||
| 035 | _a(OCoLC)20497976 | ||
| 040 |
_aU.S. Geol. Survey. Libr. _cCU _dCU _dDLC |
||
| 042 | _apremarc | ||
| 050 | 0 | 0 |
_aQE282 _b.A3 ser. C, no. 522 |
| 100 | 1 | _aEriksson, Tryggve. | |
| 245 | 1 | 0 | _aPre-Cambrian geology of the Pajala district, northern Sweden. |
| 260 |
_aStockholm, _bNorstedt, _c1954. |
||
| 300 |
_a38 p. _billus., maps (3 fold. col. in pocket) _c24 cm. |
||
| 490 | 1 |
_aSveriges geologiska undersökning. Ser. C. Avhandlingar och uppsatser, _vn:o 522. Årsbok 45 (1951) n:o 3 |
|
| 504 | _a"List of references": p. 38. | ||
| 650 | 0 |
_aGeology _zSweden _zNorrbotten. |
|
| 650 | 0 |
_aPetrology _zSweden _zNorrbotten. |
|
| 650 | 0 |
_aGeology, Stratigraphic _yPrecambrian. |
|
| 740 | 0 | _aPajala district, northern Sweden. | |
| 830 | 0 |
_aSer. C--Avhandlingar och uppsatser ; _vn:o 522. |
|
| 830 | 0 |
_aÅrsbok (Sveriges geologiska undersökning) ; _v45 : n:o 3. |
|
| 999 |
_c28918 _d28918 |
||